000 00794nam a2200277 i 4500
001 17098
003 ES-MaACL
005 20251225063012.0
007 t|
008 001220s1997 sp ||||1| spa d
020 _a84-339-0524-4
080 _a82.01
080 _a316.772.2
100 0 _aDeleuze, Gilles,
_d1925-1995
_943377
245 1 0 _aCrítica y clínica /
_cGilles Deleuze ; traducción de Thomas Kauf.
250 _a2ª ed.
260 _aBarcelona :
_bAnagrama,
_c1997.
300 _a211 p. ;
_c22 cm.
490 1 _aArgumentos ;
_v174
650 4 _aLiteratura-
_xFilosofía.
_914488
650 4 _aComunicación escrita.
_911195
700 1 _aKauf, Thomas.
_967639
830 1 _aArgumentos ;
_v174
_9178418
852 _aES-MaACL
_jL-23958
999 _c17098
_d17098